Ý kiến của sinh viên sư phạm tiếng Anh và sư phạm tiếng Pháp thuộc khoa Ngoại ngữ trường Đại học Cần Thơ về việc thực hiện nghiên cứu khoa học trong sinh viên : Báo cáo tổng kết đề tài nghiên cứu khoa học của sinh viên

Nghiên cứu tìm hiểu những lợi ích và những khó khăn khi thực hiện nghiên cứu khoa học cấp trường của sinh viên hai ngành sư phạm tiếng Anh và sư phạm tiếng Pháp thuộc khoa Ngoại ngữ.

Bewaard in:
Bibliografische gegevens
Hoofdauteur: Vương, Tấn Minh Khôi
Formaat: Boek
Taal:Undetermined
Gepubliceerd in: Cần Thơ Trường Đại học Cần Thơ 2018
Onderwerpen:
Tags: Voeg label toe
Geen labels, Wees de eerste die dit record labelt!
Thư viện lưu trữ: Trung tâm Học liệu Trường Đại học Cần Thơ
LEADER 01315nam a2200229Ia 4500
001 CTU_229160
008 210402s9999 xx 000 0 und d
082 |a 370.7 
082 |b Kh452 
088 |a TSV2018-82 
100 |a Vương, Tấn Minh Khôi 
245 0 |a Ý kiến của sinh viên sư phạm tiếng Anh và sư phạm tiếng Pháp thuộc khoa Ngoại ngữ trường Đại học Cần Thơ về việc thực hiện nghiên cứu khoa học trong sinh viên : 
245 0 |b Báo cáo tổng kết đề tài nghiên cứu khoa học của sinh viên 
245 0 |c Vương Tấn Minh Khôi (Chủ nhiệm đề tài) ; Nguyễn Thị Văn Sử (Người hướng dẫn) 
260 |a Cần Thơ 
260 |b Trường Đại học Cần Thơ 
260 |c 2018 
520 |a Nghiên cứu tìm hiểu những lợi ích và những khó khăn khi thực hiện nghiên cứu khoa học cấp trường của sinh viên hai ngành sư phạm tiếng Anh và sư phạm tiếng Pháp thuộc khoa Ngoại ngữ. 
650 |a Giáo dục,Education 
650 |x Nghiên cứu,Research 
910 |b nthai 
980 |a Trung tâm Học liệu Trường Đại học Cần Thơ